01211pam a2200313 a 4500999001900000001000800019003000500027005001700032008004100049010001700090020001500107040001800122050002800140082002200168245015500190260003700345300002900382500000800411504005100419650005000470650003000520650003000550700002500580700002800605856008900633906004500722942001800767952011200785 c330199d3301992014283NUST20170613123022.0910411s1991 flua b 001 0 eng  a 91017549  a084936549X aDLCcDLCdDLC00aQP519.9.H53bH5355 199100a574.19245 MAN22000aHigh-performance liquid chromatography of peptides and proteins :bseparation, analysis, and conformation /cEditors, Colin T. Mant, Robert S. Hodges. aBoca Raton :bCRC Press,cc1991. a938 p. :bill. ;c26 cm. aH.B aIncludes bibliographical references and index. 0aHigh performance liquid chromatography.92550 0aProteinsxAnalysis.92551 0aPeptidesxAnalysis.925521 aMant, Colin T.925531 aHodges, Robert S.92554423Publisher descriptionuhttp://www.loc.gov/catdir/enhancements/fy0744/91017549-d.html a7bcbccorignewd1eocipf19gy-gencatlg 2ddccBKkIESE 00102ddc40708NFICaIESEbIESEcGENd2017-06-13l0o574.19245 MANpIESE-1136r2017-06-13w2017-06-13yBK